000 00617nam a22002537a 4500
003 UA-OsUOA
001 32933
007 ta
008 20050223b un ||||| |||| 00| 0 ukr d
100 _aЧиркин В.Е.
090 _a352/354:342(470)
_bЧ-65
942 _cBK
040 _aUA-OsUOA
_brus
_cUA-OsUOA
_dUA-OsUOA
245 _aПубличное управление
_bУчебник
300 _a475 с.
955 _a0
041 _arus
080 _a352/354:342(470)
020 _a5-7975-0676-9
260 _aМосква
_bЮристъ
_c2004
044 _aRU
650 7 _2UDC
999 _c319388
_d319388